|
|
|
|
| LEADER |
00000nab a2200000ua 4500 |
| 001 |
vtls010749967 |
| 003 |
SK-MaSNL |
| 005 |
20260304200928.0 |
| 008 |
250718s2011 xo |||||||||||||||||slo| |
| 035 |
|
|
|a (urnnbn)urn:nbn:sk:snk:ar-a03j8e
|
| 035 |
|
|
|a (uuid)988063dc-4b9c-4234-9a98-59b4bf1259fe
|
| 035 |
|
|
|a urn:nbn:sk:snk-ab5b54
|
| 040 |
|
|
|a SNKBUCL
|b slo
|c SNKBUCL
|e AACR2
|
| 041 |
0 |
|
|a eng
|
| 044 |
|
|
|a xo
|c SK
|
| 100 |
1 |
|
|a Pitts, T.
|4 aut
|9 1532357
|
| 245 |
1 |
0 |
|a Urge to cough with voluntary suppression following mechanical pharyngeal stimulation
|c T. Pitts, Bolser D. C., Davenport P. W., Hegland K. W.
|
| 700 |
1 |
|
|a Bolser D. C.
|4 aut
|9 1532358
|
| 700 |
1 |
|
|a Davenport P. W.
|4 aut
|9 1532359
|
| 700 |
1 |
|
|a Hegland K. W.
|4 aut
|9 1532360
|
| 773 |
0 |
|
|t Bratislavské lekárske listy
|g Roč. 112, č. 3 (2011), s. [109]-114
|
| 850 |
|
|
|a Slovenská národná knižnica
|
| 852 |
|
|
|a Slovenská národná knižnica
|
| 958 |
|
|
|a article3
|
| 958 |
|
|
|a OND
|
| 958 |
|
|
|a EUIPO
|
| 999 |
|
|
|c 3092003
|d 3093933
|